Pi Digits #09 801-900 - Statistics

General Stats
  • This quiz has been taken 159 times
  • The average score is 15 of 20
Answer Stats
Digits % Correct
50244
100%
59455
93%
34690
86%
83026
86%
30825
83%
33446
83%
42522
83%
00313
79%
11881
79%
26193
79%
71010
79%
85035
79%
52886
72%
58753
72%
78387
72%
32083
69%
81420
66%
61717
62%
47303
55%
76691
55%
No matching quizzes found
Score Distribution
Percent of People with Each Score
Percentile by Number Answered
Your Score History
You have not taken this quiz